[Event "I HSL seniorke 2019"]
[Site "Mali Losinj"]
[Date "2019.10.04"]
[Round "8.44"]
[White "Dejanovic, Tereza"]
[Black "Koksa, Jelena"]
[Result "1/2-1/2"]
[WhiteElo "1854"]
[BlackElo "1832"]
[PlyCount "86"]
[EventDate "2019.09.28"]
[WhiteTeam "ŠK Polet, Buševec"]
[BlackTeam "ŠŠK Konaki, Novo Virje"]

1. e4 e6 2. d4 d5 3. Nd2 c5 4. exd5 Qxd5 5. Ngf3 Nc6 6. Bc4 Qd7 7. Nb3 cxd4 8.
O-O a6 9. Nbxd4 Nxd4 10. Nxd4 Nf6 11. Re1 Be7 12. c3 Qc7 13. Bb3 O-O 14. Qf3
Rd8 15. Bf4 Bd6 16. Bxd6 Qxd6 17. Rad1 Qc7 18. Rd2 Bd7 19. Rde2 Re8 20. Re5 h6
21. Bc2 Rac8 22. g4 Bc6 23. Nxc6 Qxc6 24. Qg3 Nd7 25. Rh5 Qc7 26. Qxc7 Rxc7 27.
Rh3 Nf6 28. Rg3 Rd8 29. Re2 Rcd7 30. f4 Rd2 31. Kf1 R8d5 32. h3 Rxe2 33. Kxe2
e5 34. Bb3 Rc5 35. fxe5 Rxe5+ 36. Re3 Rxe3+ 37. Kxe3 Kf8 38. Kd4 Ke7 39. a4 Nd7
40. a5 f6 41. Bd5 b6 42. axb6 Nxb6 43. c4 Kd7 1/2-1/2

[Event "I HSL seniorke 2019"]
[Site "Mali Losinj"]
[Date "2019.10.04"]
[Round "8.51"]
[White "Krivec, Jana"]
[Black "Havanecz, Bianka"]
[Result "1-0"]
[WhiteElo "2203"]
[BlackElo "2279"]
[PlyCount "119"]
[EventDate "2019.09.28"]
[WhiteTeam "ŠK Goranka, Ravna Gora"]
[BlackTeam "HAŠK Mladost, Zagreb"]

1. e4 e5 2. Bc4 Nf6 3. d3 Nc6 4. Nc3 Bc5 5. f4 d6 6. Nf3 Bg4 7. Nd5 Bb4+ 8. c3
Ba5 9. b4 Bb6 10. Nxb6 axb6 11. O-O exf4 12. Bxf4 O-O 13. Qe1 Bxf3 14. Rxf3 Ne5
15. Bxe5 dxe5 16. Qg3 Qd6 17. Raf1 Kh8 18. Qh4 b5 19. Bb3 Ra6 20. g4 Qd8 21. g5
Ng8 22. Bxf7 h6 23. Rh3 Qe7 24. g6 Qxh4 25. Rxh4 Ne7 26. Rg4 Rc6 27. c4 bxc4
28. dxc4 Rd6 29. h4 b6 30. h5 Rd3 31. Rg2 Rh3 32. Rh2 Rg3+ 33. Rg2 Rh3 34. Rd1
Rxh5 35. Rd7 Nc6 36. b5 Nd4 37. Rxc7 Nf3+ 38. Kf2 Ng5 39. Kg1 Rh4 40. c5 Nh3+
41. Kf1 Rf4+ 42. Ke1 bxc5 43. b6 Rxe4+ 44. Kd1 Rd4+ 45. Rd2 Nf2+ 46. Ke2 Ne4
47. Rxd4 cxd4 48. b7 Nd6 49. Rd7 Ne4 50. Re7 Nd6 51. a4 Rd8 52. Rd7 d3+ 53.
Kxd3 Nxb7 54. Rxd8+ Nxd8 55. Bd5 e4+ 56. Kxe4 h5 57. a5 h4 58. a6 h3 59. a7 h2
60. Ke3 1-0

[Event "I HSL seniorke 2019"]
[Site "Mali Losinj"]
[Date "2019.10.04"]
[Round "8.52"]
[White "Blazeka, Mihaela"]
[Black "Starcevic, Andrea"]
[Result "1-0"]
[WhiteElo "2092"]
[BlackElo "1888"]
[PlyCount "63"]
[EventDate "2019.09.28"]
[WhiteTeam "HAŠK Mladost, Zagreb"]
[BlackTeam "ŠK Goranka, Ravna Gora"]

1. e4 c5 2. Nf3 e6 3. c4 d6 4. d4 cxd4 5. Nxd4 Nf6 6. Nc3 Be7 7. Be2 Nc6 8. Be3
a6 9. O-O O-O 10. f3 Bd7 11. Qd2 Rc8 12. Rfd1 Re8 13. Rac1 Bf8 14. Nc2 Ne5 15.
b3 Ng6 16. Bf2 Nh5 17. c5 d5 18. b4 Bc6 19. exd5 exd5 20. Bf1 Nf6 21. a4 Bd7
22. Ne3 Re5 23. Bg3 Rh5 24. Be2 Ne7 25. f4 Rh6 26. Bf3 b6 27. Ncxd5 Nfxd5 28.
Nxd5 Nxd5 29. Qxd5 bxc5 30. Qxd7 Qxd7 31. Rxd7 c4 32. Bd5 1-0

[Event "I HSL seniorke 2019"]
[Site "Mali Losinj"]
[Date "2019.10.04"]
[Round "8.53"]
[White "Klaric, Nikolina"]
[Black "Ljikar, Tamara"]
[Result "0-1"]
[WhiteElo "1731"]
[BlackElo "1917"]
[PlyCount "100"]
[EventDate "2019.09.28"]
[WhiteTeam "ŠK Goranka, Ravna Gora"]
[BlackTeam "HAŠK Mladost, Zagreb"]

1. c4 e5 2. Nc3 Nc6 3. g3 g6 4. Bg2 Bg7 5. e3 d6 6. Nge2 f5 7. d3 Be6 8. Rb1 a5
9. a3 Nf6 10. O-O O-O 11. b4 axb4 12. axb4 Rb8 13. Ba3 g5 14. b5 Ne7 15. Qb3
Qd7 16. b6 c6 17. Qb4 Nc8 18. Rfe1 h5 19. d4 e4 20. Rec1 Kh8 21. d5 cxd5 22.
cxd5 Bxd5 23. Nb5 Ne8 24. Nc7 Bc6 25. Nd4 Be5 26. Nde6 Rg8 27. Bf1 Nxc7 28.
Nxc7 d5 29. Bb2 Qg7 30. Ne6 Qf6 31. Nd4 Ne7 32. Rc2 f4 33. Rbc1 fxg3 34. fxg3
Rgf8 35. Bb5 Bxb5 36. Qxb5 h4 37. g4 h3 38. Qd7 Rbc8 39. Qb5 Rcd8 40. Qb4 Rc8
41. Qb5 Kh7 42. Qe2 Rxc2 43. Rxc2 Qxb6 44. Nf5 Bxb2 45. Rxb2 Qc7 46. Qf1 Nxf5
47. gxf5 g4 48. Qb1 Rf7 49. Rb5 g3 50. Qe1 Qc2 0-1

[Event "I HSL seniorke 2019"]
[Site "Mali Losinj"]
[Date "2019.10.04"]
[Round "8.54"]
[White "Balent, Sara"]
[Black "Batory, Lucija"]
[Result "0-1"]
[WhiteElo "1132"]
[BlackElo "1683"]
[PlyCount "120"]
[EventDate "2019.09.28"]
[WhiteTeam "HAŠK Mladost, Zagreb"]
[BlackTeam "ŠK Goranka, Ravna Gora"]

1. e4 c5 2. Nf3 Nc6 3. d4 cxd4 4. Nxd4 g6 5. Nc3 Bg7 6. Be3 Nf6 7. Be2 O-O 8.
O-O d6 9. f3 Bd7 10. Qd2 Nxd4 11. Bxd4 Bc6 12. Rad1 a6 13. Bc4 b5 14. Bb3 Rc8
15. Rfe1 Re8 16. a3 Qc7 17. Re2 Qb7 18. Qd3 a5 19. Nd5 Nd7 20. Bxg7 Kxg7 21.
Rdd2 Kg8 22. Nc3 Nc5 23. Qe3 a4 24. Ba2 b4 25. axb4 Qxb4 26. b3 axb3 27. Bxb3
Nxb3 28. cxb3 Qxb3 29. Nd5 Bxd5 30. exd5 Rc1+ 31. Kf2 Qxe3+ 32. Rxe3 f5 33.
Rde2 Kf7 34. Rd3 Rec8 35. Kg3 R1c3 36. Rdd2 R8c5 37. h3 Rc7 38. Kh4 R3c4+ 39.
Kg3 Ra7 40. Re6 Rc5 41. Re1 Ra8 42. Kf4 Re8 43. Red1 Kf6 44. h4 Rec8 45. Re1
Rc2 46. Ree2 Rxd2 47. Rxd2 Rc4+ 48. Kg3 f4+ 49. Kg4 h5+ 50. Kh3 Rc1 51. Kh2 Re1
52. Rd4 Kf5 53. Rd2 e5 54. dxe6 Kxe6 55. Rd4 Ke5 56. Rd2 d5 57. Rd3 Re3 58. Rd1
d4 59. Rd2 d3 60. Rd1 Kd4 0-1

[Event "I HSL seniorke 2019"]
[Site "Mali Losinj"]
[Date "2019.10.05"]
[Round "9.12"]
[White "Djukic, Sandra"]
[Black "Blazeka, Mihaela"]
[Result "1-0"]
[WhiteElo "2179"]
[BlackElo "2092"]
[PlyCount "43"]
[EventDate "2019.09.28"]
[WhiteTeam "ŠK Draga, Rijeka"]
[BlackTeam "HAŠK Mladost, Zagreb"]

1. d4 Nf6 2. c4 e6 3. Nc3 Bb4 4. Nf3 b6 5. Bg5 Bb7 6. e3 h6 7. Bh4 g5 8. Bg3
Ne4 9. Qc2 Bxc3+ 10. bxc3 d6 11. Bd3 f5 12. d5 exd5 13. cxd5 Bxd5 14. Nd4 Qf6
15. f3 Nxg3 16. hxg3 f4 17. Be4 Qe5 18. Bxd5 Qxd5 19. Qg6+ Qf7 20. Qe4+ Qe7 21.
Qxa8 Qxe3+ 22. Ne2 1-0

[Event "I HSL seniorke 2019"]
[Site "Mali Losinj"]
[Date "2019.10.05"]
[Round "9.21"]
[White "Repkova, Eva"]
[Black "Krivec, Jana"]
[Result "1/2-1/2"]
[WhiteElo "2315"]
[BlackElo "2203"]
[PlyCount "29"]
[EventDate "2019.09.28"]
[WhiteTeam "ŠK Polet, Buševec"]
[BlackTeam "ŠK Goranka, Ravna Gora"]

1. e4 e5 2. Nf3 Nc6 3. Bc4 Bc5 4. c3 Nf6 5. d3 O-O 6. O-O d5 7. exd5 Nxd5 8.
Re1 Bg4 9. Nbd2 Nb6 10. Bb5 Bd6 11. Ne4 f5 12. Ng3 Bxf3 13. Qxf3 Qd7 14. Nf1
Rae8 15. Bxc6 1/2-1/2

[Event "I HSL seniorke 2019"]
[Site "Mali Losinj"]
[Date "2019.10.05"]
[Round "9.22"]
[White "Starcevic, Andrea"]
[Black "Medic, Mirjana"]
[Result "1-0"]
[WhiteElo "1888"]
[BlackElo "2186"]
[PlyCount "61"]
[EventDate "2019.09.28"]
[WhiteTeam "ŠK Goranka, Ravna Gora"]
[BlackTeam "ŠK Polet, Buševec"]

1. c4 e6 2. Nf3 Nf6 3. e3 b6 4. Be2 Bb7 5. O-O Be7 6. Nc3 O-O 7. a3 c5 8. b3 d5
9. cxd5 exd5 10. d4 Nbd7 11. Bb2 Ne4 12. dxc5 Ndxc5 13. b4 Nxc3 14. Bxc3 Ne4
15. Bd4 Bd6 16. Rc1 Qe7 17. Bb2 Rac8 18. Qd4 f6 19. Rfd1 Bb8 20. Bd3 Nd6 21.
Qh4 Ne4 22. Bb1 Rxc1 23. Rxc1 Rc8 24. Rxc8+ Bxc8 25. Nd4 Qe5 26. Bd3 Qe8 27.
Bc2 Bd6 28. Bb3 Be6 29. Nxe6 Qxe6 30. Qh5 Be5 31. Bxd5 1-0

[Event "I HSL seniorke 2019"]
[Site "Mali Losinj"]
[Date "2019.10.05"]
[Round "9.23"]
[White "Roklicer, Heike"]
[Black "Klaric, Nikolina"]
[Result "1/2-1/2"]
[WhiteElo "2032"]
[BlackElo "1731"]
[PlyCount "92"]
[EventDate "2019.09.28"]
[WhiteTeam "ŠK Polet, Buševec"]
[BlackTeam "ŠK Goranka, Ravna Gora"]

1. d4 d5 2. c4 e6 3. Nc3 Nf6 4. Nf3 Nbd7 5. Bf4 c6 6. e3 Be7 7. Bd3 dxc4 8.
Bxc4 O-O 9. O-O Nd5 10. Bg3 N7f6 11. Re1 Nxc3 12. bxc3 Ne4 13. Qc2 Nxg3 14.
hxg3 c5 15. Bd3 h6 16. Ne5 Bf6 17. f4 Bxe5 18. dxe5 b6 19. Red1 Qc7 20. Bh7+
Kh8 21. Be4 Bb7 22. Rd6 Bxe4 23. Qxe4 Qc8 24. Rad1 Qa6 25. R1d2 Qa3 26. Qc2 c4
27. R2d4 Rac8 28. g4 Rc5 29. Rd8 Rc8 30. Rxf8+ Qxf8 31. Qa4 Qe7 32. Rxc4 Rd8
33. Rd4 Rxd4 34. Qxd4 Qa3 35. Qd2 Qa4 36. Kf2 b5 37. Kf3 Qc4 38. e4 a5 39. f5
exf5 40. gxf5 Kh7 41. Kf2 b4 42. cxb4 axb4 43. f6 gxf6 44. exf6 Qc5+ 45. Ke2
Qh5+ 46. Kd3 Qb5+ 1/2-1/2

[Event "I HSL seniorke 2019"]
[Site "Mali Losinj"]
[Date "2019.10.05"]
[Round "9.24"]
[White "Batory, Lucija"]
[Black "Dejanovic, Tereza"]
[Result "0-1"]
[WhiteElo "1683"]
[BlackElo "1854"]
[PlyCount "52"]
[EventDate "2019.09.28"]
[WhiteTeam "ŠK Goranka, Ravna Gora"]
[BlackTeam "ŠK Polet, Buševec"]

1. e4 c5 2. c3 Nf6 3. e5 Nd5 4. Bc4 e6 5. d4 cxd4 6. cxd4 d6 7. Nf3 Be7 8. O-O
O-O 9. Nc3 Nxc3 10. bxc3 dxe5 11. Nxe5 Qc7 12. Qb3 Nc6 13. Nxc6 Qxc6 14. Bf4
Bd6 15. d5 exd5 16. Bxd5 Qc7 17. Bxd6 Qxd6 18. Rfd1 Qc7 19. Rab1 Rb8 20. Rd4 b6
21. Rbd1 Bf5 22. g4 Bc8 23. R1d3 Bb7 24. c4 Rbd8 25. Bxf7+ Qxf7 26. Rxd8 Qxf2#
0-1

[Event "I HSL seniorke 2019"]
[Site "Mali Losinj"]
[Date "2019.10.05"]
[Round "9.31"]
[White "Lukenda, Tina"]
[Black "Janzelj, Lara"]
[Result "1-0"]
[WhiteElo "2047"]
[BlackElo "2159"]
[PlyCount "123"]
[EventDate "2019.09.28"]
[WhiteTeam "ŠK Kastav, Kastav"]
[BlackTeam "ŠŠK Konaki, Novo Virje"]

1. d4 d5 2. c4 dxc4 3. Qa4+ Nd7 4. Qxc4 Nb6 5. Qd3 Nf6 6. Nc3 g6 7. Nf3 Bg7 8.
e4 O-O 9. Be2 c6 10. O-O Qc7 11. Bg5 Be6 12. Bxf6 Bxf6 13. e5 Bg7 14. Ng5 Bf5
15. Qe3 Rad8 16. g4 Bc8 17. f4 Nd5 18. Nxd5 Rxd5 19. Bc4 Bxg4 20. Bxd5 cxd5 21.
Qb3 h6 22. Nf3 Qd7 23. Nd2 h5 24. Qg3 Qa4 25. Nb3 Rc8 26. Qe3 Bh6 27. Nc5 Qb5
28. Qb3 Qxb3 29. axb3 b6 30. Nd3 a5 31. Rac1 Rb8 32. Rf2 Bf5 33. Rc3 Kh7 34. h4
Ra8 35. Kh2 Bf8 36. Rf3 Be4 37. Re3 Ra7 38. Nf2 Bf5 39. Nh3 a4 40. Ng5+ Kg7 41.
Rc6 axb3 42. Rxb3 b5 43. Ra3 Rb7 44. Ra8 Bd7 45. Rc1 e6 46. Nf3 b4 47. b3 Be7
48. Kg3 Bf8 49. Ne1 Be7 50. Nd3 f6 51. Nc5 Bxc5 52. dxc5 Rc7 53. c6 Bc8 54. Rb8
fxe5 55. fxe5 Kh6 56. Rxb4 g5 57. hxg5+ Kxg5 58. Rb8 Kf5 59. b4 Kxe5 60. b5 Kd6
61. Kh4 Ra7 62. Rxc8 1-0

[Event "I HSL seniorke 2019"]
[Site "Mali Losinj"]
[Date "2019.10.05"]
[Round "9.32"]
[White "Svaljek, Radmila"]
[Black "Dasic, Jelena"]
[Result "1/2-1/2"]
[WhiteElo "1950"]
[BlackElo "1768"]
[PlyCount "37"]
[EventDate "2019.09.28"]
[WhiteTeam "ŠŠK Konaki, Novo Virje"]
[BlackTeam "ŠK Kastav, Kastav"]

1. d4 Nf6 2. Nf3 e6 3. Bg5 b6 4. e3 Bb7 5. Nbd2 Be7 6. Bd3 d6 7. h3 Nbd7 8. c3
O-O 9. O-O Rc8 10. Qe2 c5 11. e4 e5 12. dxe5 Nxe5 13. Nxe5 dxe5 14. Rfd1 Qc7
15. Bb5 Rfd8 16. Bxf6 Bxf6 17. Nf3 Rxd1+ 18. Rxd1 Rd8 19. Rxd8+ 1/2-1/2

[Event "I HSL seniorke 2019"]
[Site "Mali Losinj"]
[Date "2019.10.05"]
[Round "9.33"]
[White "Okanovic, Jasmina"]
[Black "Muha, Magdalena"]
[Result "1/2-1/2"]
[WhiteElo "1633"]
[BlackElo "1736"]
[PlyCount "93"]
[EventDate "2019.09.28"]
[WhiteTeam "ŠK Kastav, Kastav"]
[BlackTeam "ŠŠK Konaki, Novo Virje"]

1. d4 d5 2. Bf4 Nf6 3. e3 e6 4. Nf3 c5 5. c3 Nc6 6. Nbd2 Be7 7. Bd3 O-O 8. Qb1
h6 9. h3 Bd6 10. Bxd6 Qxd6 11. O-O e5 12. Be2 e4 13. Nh2 Nd7 14. Qc2 f5 15.
Rad1 cxd4 16. exd4 f4 17. Rfe1 Nf6 18. Nb3 Nh7 19. c4 Be6 20. cxd5 Bxd5 21. Bc4
Nf6 22. Nc5 Rae8 23. Nxb7 Qd7 24. Nc5 Qd6 25. a3 Kh8 26. Bxd5 Qxd5 27. Qd2 g5
28. Qc3 Rc8 29. b4 Rfd8 30. Qb2 a5 31. f3 e3 32. b5 Nxd4 33. Ne6 Qxe6 34. Rxd4
Rxd4 35. Qxd4 Qe7 36. Ng4 Kg7 37. Qxf6+ Qxf6 38. Nxf6 Kxf6 39. Kf1 Ke5 40. Rd1
Rc2 41. Rb1 Kd6 42. b6 Rc8 43. b7 Rb8 44. Rb6+ Kc7 45. Rxh6 Rxb7 46. Ra6 Rb5
47. a4 1/2-1/2

[Event "I HSL seniorke 2019"]
[Site "Mali Losinj"]
[Date "2019.10.05"]
[Round "9.41"]
[White "Salimova, Nurgyul"]
[Black "Eric, Jovana"]
[Result "0-1"]
[WhiteElo "2425"]
[BlackElo "2270"]
[PlyCount "114"]
[EventDate "2019.09.28"]
[WhiteTeam "ŠK Liburnija, Rijeka"]
[BlackTeam "ŠK Đakovo-Lim-Mont, Đakovo"]

1. e4 c5 2. Nf3 d6 3. d4 cxd4 4. Nxd4 Nf6 5. Nc3 a6 6. Bg5 e6 7. f4 h6 8. Bh4
Be7 9. Qf3 Nc6 10. Nxc6 bxc6 11. e5 Nd5 12. Bxe7 Qxe7 13. Ne4 dxe5 14. fxe5
Qb4+ 15. c3 Qxb2 16. Nd6+ Ke7 17. Rd1 Qxc3+ 18. Qxc3 Nxc3 19. Rc1 Nxa2 20. Rxc6
Nb4 21. Rc4 Nd5 22. Be2 f6 23. Rc1 fxe5 24. Nc4 Bd7 25. Nxe5 Rhc8 26. Kd2 Rxc1
27. Rxc1 a5 28. Rf1 Be8 29. Rb1 Nb4 30. Ke3 Rc8 31. Nc4 Nd5+ 32. Kd4 a4 33. Bf3
Rd8 34. Ke5 Bc6 35. Na5 Ba8 36. Rc1 Nb6 37. Nc6+ Bxc6 38. Rxc6 Nd7+ 39. Kf4 Rb8
40. Ra6 Rb4+ 41. Ke3 Ne5 42. Bd1 a3 43. Be2 Rb3+ 44. Kd4 Kf6 45. Bf1 Rb1 46.
Be2 Rb2 47. Ke3 a2 48. h3 g5 49. g3 Rc2 50. Ra4 Nd7 51. Ra7 Nc5 52. Bh5 Nb3 53.
Ke4 e5 54. Ra6+ Ke7 55. Ra7+ Kd6 56. Ra6+ Kc7 57. Ra7+ Kb8 0-1

[Event "I HSL seniorke 2019"]
[Site "Mali Losinj"]
[Date "2019.10.05"]
[Round "9.42"]
[White "Sulc, Gordana"]
[Black "Saric, Kristina"]
[Result "0-1"]
[WhiteElo "1882"]
[BlackElo "2222"]
[PlyCount "111"]
[EventDate "2019.09.28"]
[WhiteTeam "ŠK Đakovo-Lim-Mont, Đakovo"]
[BlackTeam "ŠK Liburnija, Rijeka"]

1. e4 c5 2. Nf3 Nc6 3. d4 cxd4 4. Nxd4 Qb6 5. Nb3 Nf6 6. Nc3 e6 7. Bd3 Bb4 8.
O-O Bxc3 9. bxc3 d6 10. a4 Ne5 11. h3 O-O 12. Bg5 Ned7 13. Kh1 h6 14. Bh4 g5
15. Bg3 e5 16. h4 Kg7 17. a5 Qc6 18. Nd2 Nc5 19. Qe2 Be6 20. Bb5 Qc7 21. Ra3
Rac8 22. Re1 Qe7 23. Bd3 Bg4 24. f3 Nh5 25. Qf2 Be6 26. Raa1 Nxd3 27. cxd3 Rxc3
28. d4 Rc2 29. Bh2 f6 30. g4 Nf4 31. Bxf4 gxf4 32. d5 Bf7 33. Re2 Qc7 34. Nf1
Rxe2 35. Qxe2 Rc8 36. Ra2 Be8 37. Kg2 a6 38. Nh2 Bb5 39. Qf2 Kf7 40. Qd2 Qc5
41. Kh3 Qg1 42. Qg2 Qxg2+ 43. Kxg2 Rc1 44. Kf2 Ke7 45. Kg2 Kd7 46. h5 Kc7 47.
g5 fxg5 48. Ng4 Be8 49. Nxh6 Bxh5 50. Kf2 Rc3 51. Ng4 Bxg4 52. fxg4 b6 53.
axb6+ Kxb6 54. Rb2+ Kc5 55. Ra2 Kd4 56. Ra4+ 0-1

[Event "I HSL seniorke 2019"]
[Site "Mali Losinj"]
[Date "2019.10.05"]
[Round "9.43"]
[White "Spiranec, Noemi"]
[Black "Mican, Karmela"]
[Result "1-0"]
[WhiteElo "2084"]
[BlackElo "1885"]
[PlyCount "65"]
[EventDate "2019.09.28"]
[WhiteTeam "ŠK Liburnija, Rijeka"]
[BlackTeam "ŠK Đakovo-Lim-Mont, Đakovo"]

1. d4 d5 2. c4 e6 3. Nf3 Nf6 4. g3 Be7 5. Bg2 O-O 6. O-O c6 7. Qc2 Nbd7 8. Rd1
Bd6 9. Nc3 b6 10. e4 dxe4 11. Ng5 Bb7 12. Ngxe4 Be7 13. Bf4 Nxe4 14. Nxe4 Nf6
15. c5 Nd5 16. Bd6 Bxd6 17. Nxd6 Qc7 18. Rac1 b5 19. Re1 a5 20. Re5 Rab8 21.
Bxd5 exd5 22. Rce1 Qd8 23. Re7 Ba6 24. Qf5 Bc8 25. Qe5 Bd7 26. f4 f6 27. Qh5 a4
28. f5 Ra8 29. Qg4 g6 30. Qh4 h5 31. fxg6 Bg4 32. h3 Bf3 33. Qf4 1-0

[Event "I HSL seniorke 2019"]
[Site "Mali Losinj"]
[Date "2019.10.05"]
[Round "9.44"]
[White "Ascic, Josipa"]
[Black "Vujnovic, Patricija"]
[Result "0-1"]
[WhiteElo "1692"]
[BlackElo "2052"]
[PlyCount "76"]
[EventDate "2019.09.28"]
[WhiteTeam "ŠK Đakovo-Lim-Mont, Đakovo"]
[BlackTeam "ŠK Liburnija, Rijeka"]

1. e4 c6 2. d4 d5 3. Nc3 dxe4 4. Nxe4 Nf6 5. Nxf6+ exf6 6. c3 Bd6 7. Bd3 O-O 8.
Qc2 Re8+ 9. Ne2 h5 10. Be3 Nd7 11. O-O-O Nf8 12. Bf4 Rxe2 13. Bxe2 Bxf4+ 14.
Kb1 Be6 15. g3 Bd6 16. Bxh5 Qa5 17. Be2 Qxa2+ 18. Kc1 Bb3 19. Qb1 Qxb1+ 20.
Kxb1 Bxd1 21. Bxd1 Re8 22. Kc2 a5 23. h4 Ne6 24. h5 b5 25. Bf3 Rc8 26. h6 g6
27. d5 Ng5 28. Bg2 c5 29. f4 Nh7 30. Bf1 b4 31. c4 a4 32. Bd3 f5 33. Ra1 Ra8
34. Be2 Nf6 35. Bf3 Kh7 36. Rh1 Ng8 37. g4 fxg4 38. Bxg4 f5 0-1

[Event "I HSL seniorke 2019"]
[Site "Mali Losinj"]
[Date "2019.10.05"]
[Round "9.51"]
[White "Smetisko, Marija"]
[Black "Ivekovic, Ana"]
[Result "1-0"]
[WhiteElo "1845"]
[BlackElo "2054"]
[PlyCount "79"]
[EventDate "2019.09.28"]
[WhiteTeam "ŠK Ericsson Nikola Tesla, Zagreb"]
[BlackTeam "ŠD Sisak, Sisak"]

1. e4 e5 2. Nf3 Nc6 3. Bc4 Nf6 4. Ng5 d5 5. exd5 Na5 6. Bb5+ c6 7. dxc6 bxc6 8.
Be2 h6 9. Nf3 Bd6 10. d4 e4 11. Nfd2 Qc7 12. Nf1 O-O 13. Ng3 Re8 14. O-O Nh7
15. Bg4 f5 16. Bh5 Rd8 17. f4 Nf8 18. c3 c5 19. Kh1 cxd4 20. cxd4 g6 21. Be2
Ne6 22. Nc3 Bxf4 23. Nb5 Qb8 24. b4 a6 25. bxa5 axb5 26. Bxf4 Nxf4 27. Bxb5
Qxb5 28. Rxf4 Be6 29. Rh4 Qxa5 30. Rxh6 Kg7 31. Qc1 Rh8 32. Nh5+ Kf7 33. Qg5
Rxh6 34. Qf6+ Ke8 35. Ng7+ Kd7 36. Qxe6+ Kd8 37. Rc1 Qa4 38. Qd6+ Qd7 39. Qf8+
Qe8 40. Qxe8# 1-0

[Event "I HSL seniorke 2019"]
[Site "Mali Losinj"]
[Date "2019.10.05"]
[Round "9.52"]
[White "Ivekovic, Zvjezdana"]
[Black "Vodopija, Irina"]
[Result "1/2-1/2"]
[WhiteElo "1779"]
[BlackElo "1704"]
[PlyCount "93"]
[EventDate "2019.09.28"]
[WhiteTeam "ŠD Sisak, Sisak"]
[BlackTeam "ŠK Ericsson Nikola Tesla, Zagreb"]

1. d4 d5 2. c4 Nf6 3. Nf3 c6 4. e3 Bf5 5. Nc3 e6 6. Be2 h6 7. O-O Be7 8. b3 O-O
9. Bb2 Nbd7 10. Re1 Ne4 11. Nxe4 Bxe4 12. Nd2 Bh7 13. Bf3 Nf6 14. Qe2 Re8 15.
e4 dxe4 16. Nxe4 Qc7 17. Ng3 Rad8 18. Qe3 b6 19. Rad1 Bb4 20. Rf1 Be7 21. a3 c5
22. Rfe1 cxd4 23. Bxd4 Rd7 24. Be5 Qc5 25. Qxc5 Bxc5 26. Rxd7 Nxd7 27. Bc6 Nxe5
28. Bxe8 Nd3 29. Re2 Bxa3 30. Ne4 Nc1 31. Re3 Bb2 32. Nd6 Kf8 33. Bc6 Bd4 34.
Rf3 f6 35. Nb5 e5 36. Nxa7 Bc2 37. b4 e4 38. Rh3 Ne2+ 39. Kf1 Nf4 40. Rg3 Bd3+
41. Rxd3 exd3 42. Nb5 d2 43. Bf3 Bb2 44. c5 bxc5 45. bxc5 Be5 46. c6 Nd5 47.
Ke2 1/2-1/2

[Event "I HSL seniorke 2019"]
[Site "Mali Losinj"]
[Date "2019.10.05"]
[Round "9.53"]
[White "Alaber, Maja"]
[Black "Turk, Vesna"]
[Result "0-1"]
[WhiteElo "1494"]
[BlackElo "1694"]
[PlyCount "104"]
[EventDate "2019.09.28"]
[WhiteTeam "ŠK Ericsson Nikola Tesla, Zagreb"]
[BlackTeam "ŠD Sisak, Sisak"]

1. e4 c5 2. Nc3 e6 3. Nf3 Nc6 4. g3 d6 5. Bg2 Nf6 6. O-O Be7 7. d3 O-O 8. Be3
e5 9. Nd2 Ng4 10. Nd5 Nxe3 11. Nxe3 f5 12. exf5 Bxf5 13. Nxf5 Rxf5 14. Be4 Rf6
15. Qh5 g6 16. Bd5+ Kh8 17. Qg4 Rf5 18. c3 Qf8 19. Ne4 Nd8 20. a3 Rb8 21. b4 b6
22. Rab1 cxb4 23. Rxb4 Rc8 24. Rc4 Rxc4 25. Bxc4 Nf7 26. Be6 Nh6 27. Qe2 Rf3
28. Kg2 Rf7 29. Bxf7 Qxf7 30. c4 d5 31. Nd2 Bd6 32. a4 Nf5 33. Qf3 Bb4 34. Nb3
dxc4 35. Qa8+ Kg7 36. dxc4 Qxc4 37. Qxa7+ Kh6 38. Nc1 Bd2 39. Qxb6 Bxc1 40. a5
Ba3 41. Ra1 Bc5 42. Qf6 Qe2 43. Kh3 Bxf2 44. Qf8+ Kh5 45. a6 Ba7 46. Qb4 Nd4
47. Qb7 h6 48. Qxa7 Qg4+ 49. Kg2 Qf3+ 50. Kh3 Ne2 51. Qf7 Nf4+ 52. Qxf4 exf4
0-1

[Event "I HSL seniorke 2019"]
[Site "Mali Losinj"]
[Date "2019.10.05"]
[Round "9.54"]
[White "Krmpotic, Klara"]
[Black "Smetisko, Renata"]
[Result "0-1"]
[WhiteElo "1563"]
[BlackElo "1253"]
[PlyCount "70"]
[EventDate "2019.09.28"]
[WhiteTeam "ŠD Sisak, Sisak"]
[BlackTeam "ŠK Ericsson Nikola Tesla, Zagreb"]

1. d4 d5 2. c4 e6 3. Nc3 Nc6 4. Nf3 b6 5. cxd5 exd5 6. Bf4 Nf6 7. a3 Ba6 8. Qa4
Bb7 9. e3 a6 10. b4 Bd6 11. Bxd6 Qxd6 12. Bd3 g6 13. O-O O-O 14. Rfc1 a5 15. b5
Ne7 16. Ne2 Ne4 17. Nf4 Nf5 18. Ne5 f6 19. Nc6 Rfe8 20. Nxd5 Kg7 21. Bxe4 Rxe4
22. Qc4 Rh4 23. g3 Rh5 24. Nf4 Rg5 25. Ne6+ Kh6 26. Nxg5 fxg5 27. Qf7 Rf8 28.
Qb3 Bc8 29. Ne5 Be6 30. Qc2 Qd5 31. Qc6 Qb3 32. Rcb1 Qa4 33. Qxe6 Qc2 34. Qc6
Qd2 35. Rc1 Nxe3 0-1